ბათუმის შოთა რუსთაველის სახელმწიფო უნივერსიტეტის ბიბლიოთეკა

თარგმანის ისტორია / (ბიბ.ჩანაწერი № 60228)

000 -ლიდერი
ფიქსირებული სიგრძის საკონტროლო ველი 01495nam a22002297a 4500
003 - საკონტროლო ნომრის იდენტიფიკატორი
საკონტროლო ველი Ge_BSU
005 - ბოლო ოპერაციის თარიღი და დრო
საკონტროლო ველი 20230620163920.0
008 - ფიქსირებული სიგრძის მონაცემთა ელემენტები - ზოგადი ინფორმაცია
ფიქსირებული სიგრძის საკონტროლო ველი 230620s2017 ge ||||| |||| 00| 0 geo d
020 ## - წიგნის საერთაშორისო სტანდარტული ნომერი
International Standard Book Number 9789941945731
041 ## - ენის კოდი
Language code of text/sound track or separate title geo
080 ## - უნივერსალური ათობითი კლასიფიკაციის ინდექსი
Universal Decimal Classification number 81'25 ა-49
100 ## - მთავარი ჩანაწერი - პიროვნების სახელი
Personal name ალიბეგაშვილი, გიორგი
9 (RLIN) 18830
245 ## - ცნობა სათაურის შესახებ
Title თარგმანის ისტორია /
Statement of responsibility, etc გიორგი ალიბეგაშვილი, ეკა დუღაშვილი, თამარ მღებრიშვილი ; რედაქტორი ქეთევან ტატიშვილი ; საქ. საპატრიარქოს წმ. ანდრია პირველწოდებულის სახ. ქართული უნ-ტი.
264 ## - წარმოების, გამოცემის, დისტრიბუციის და სხვა ცნობები
გამოცემის, წარმოების, დისტრიბუციის... ადგილი თბილისი :
გამოცემის, წარმოების, დისტრიბუციის... სახელწოდება ქართული უნივერსიტეტი,
გამოცემის, წარმოების, დისტრიბუციის... თარიღი 2017.
300 ## - ფიზიკური აღწერა
Extent 120 გვ. ;
Other physical details 29 სმ.
653 ## - INDEX TERM--UNCONTROLLED
Uncontrolled term თარგმანის ისტორია
700 ## - ADDED ENTRY--PERSONAL NAME
Personal name დუღაშვილი, ეკა
Relator term ავტორი
9 (RLIN) 5142
700 ## - ADDED ENTRY--PERSONAL NAME
Personal name მღებრიშვილი, თამარ
Relator term ავტორი
9 (RLIN) 18831
700 ## - ADDED ENTRY--PERSONAL NAME
Personal name ტატიშვილი, ქეთევან
Relator term რედაქტორი
9 (RLIN) 18832
710 ## - ADDED ENTRY--CORPORATE NAME
Corporate name or jurisdiction name as entry element საქ. საპატრიარქოს წმ. ანდრია პირველწოდებულის სახ. ქართული უნ-ტი.
9 (RLIN) 18833
942 ## - ADDED ENTRY ELEMENTS (KOHA)
Source of classification or shelving scheme
Koha item type წიგნი

არაა ხელმისაწვდომი ეგზემპლარები.